000
nam a22 7a 4500
999
_c
52233
_d
52233
003
OSt
005
20220613111911.0
008
220613b xxu||||| |||| 00| 0 eng d
040
_c
IIMT UNIVERSITY
100
_a
JHA,C.B.
245
_a
SARHGADHARA-SAMHITA
260
_b
CHAUKHAMBA
_c
2021
300
_a
698
942
_2
ddc
_c
01